000 004050000a22001690004500
003 LK-CoMWRAF
008 230817t ||||| |||| 00| 0 eng d
040 _aLK-CoMWRAF
_dLK-CoMWRAF
_eLK-CoMWRAF
041 _aeng
082 _a024
_bSAN
100 _aSanmugalinkam, Kuzanthai M.
245 _aAnnai idda thee
_b
260 _aMadras
_bSAB
_Y1997
300 _ap.183
650 _aLiterature
942 _cBK
999 _c2850
_d2850